header

Logic Pro 7 Power! (Record no. 34247)

MARC details
000 -LEADER
fixed length control field 01062nam a2200289Ia 4500
100 1# - MAIN ENTRY--AUTHOR NAME
Personal name Merton, Orren.
245 10 - TITLE STATEMENT
Title Logic Pro 7 Power!
260 ## - PUBLICATION, DISTRIBUTION, ETC. (IMPRINT)
Place of publication Boston, MA :
Name of publisher Course Technology PTR,
Year of publication 2005.
300 ## - PHYSICAL DESCRIPTION
Number of Pages xviii, 586 p. :
Other physical details ill.
500 ## - GENERAL NOTE
General note Includes index.
650 #0 - SUBJECT ADDED ENTRY--TOPICAL TERM
Topical Term Music
Topical Term Computer sound processing.
Topical Term MIDI (Standard)
856 40 - ELECTRONIC LOCATION AND ACCESS
Uniform Resource Identifier http://site.ebrary.com/lib/rucke/Doc?id=10073598

No items available.

© 2026 Rongo University
Contact us: librarian | system librarian | Rongo university